Estadísticas para Provincias de Ecuador

Haz click aquí para intentar la prueba.

Estadísticas generales

  • Esta prueba ha sido intentada 434 veces
  • La puntuación promedio es 16 de 24

Estadísticas de respuestas

HintRespuesta% Correcto
10Guayas
88%
19Pichincha
87%
8Esmeraldas
84%
1Azuay
80%
7El Oro
80%
14Manabí
79%
12Loja
78%
9Galápagos
74%
6Cotopaxi
71%
20Santa Elena
70%
13Los Ríos
68%
16Napo
66%
21Santo Domingo
66%
2Bolivar
65%
5Chimborazo
65%
18Pastaza
64%
24Zamora Chinchipe
64%
3Cañar
63%
4Carchi
62%
11Imbabura
59%
23Tungurahua
57%
15Morona Santiago
56%
22Sucumbíos
53%
17Orellana
48%

Distribución de puntuación

Porcentaje por número respondido

Porcentaje de gente con cada puntuación

Historial de tus puntuaciones

No has intentado esta prueba.